书目信息 |
| 题名: |
3D打印 打印未来
|
|
| 作者: | ;中国机械工程学会 编著 | |
| 分册: | ||
| 出版信息: | 北京 中国科学技术出版社 2013 |
|
| 页数: | 156页 | |
| 开本: | 24cm | |
| 丛书名: | ||
| 单 册: | ||
| 中图分类: | TS853 | |
| 科图分类: | ||
| 主题词: | 立体印刷--印刷术 , 印刷术 , 立体印刷 | |
| 电子资源: | ||
| ISBN: | 978-7-5046-6377-1 | |
| 000 | 00788nam0 2200241 450 | |
| 001 | 139803 | |
| 005 | 20140913140037.39 | |
| 010 | @a978-7-5046-6377-1@dCNY 36.00 | |
| 100 | @a20130830d2013 em y0chiy50 ea | |
| 101 | 0 | @achi |
| 102 | @aCN@b110000 | |
| 105 | @aa z 000yy | |
| 200 | 1 | @a3D打印 打印未来@A3D da yin da yin wei lai@b专著@f中国机械工程学会编著 |
| 210 | @a北京@c中国科学技术出版社@d2013 | |
| 215 | @a156页@c图,照片@d24cm | |
| 330 | @a本书主要介绍了3D打印技术的由来、技术特点、工艺原理、发展现状以及未来发展趋势,同时精选了100个典型应用案例。 | |
| 606 | 0 | @a立体印刷@x印刷术 |
| 606 | 0 | @a印刷术 |
| 606 | 0 | @a立体印刷 |
| 690 | @aTS853@v5 | |
| 711 | 02 | @a中国机械工程学会@Azhong guo ji xie gong cheng xue hui@4编著 |
| 801 | 0 | @c20140913 |
| 905 | @a241430@dTS853@eZ563 | |
| 3D打印 打印未来/中国机械工程学会编著.-北京:中国科学技术出版社,2013 |
| 156页:图,照片;24cm |
| ISBN 978-7-5046-6377-1:CNY 36.00 |
| 本书主要介绍了3D打印技术的由来、技术特点、工艺原理、发展现状以及未来发展趋势,同时精选了100个典型应用案例。 |
| ● |
| 相关链接 |
|
|
|
正题名:3D打印 打印未来
索取号:TS853/Z563
 
预约/预借
| 序号 | 登录号 | 条形码 | 馆藏地/架位号 | 状态 | 备注 |
| 1 | 0832126 | 208321261 | 自科库501/501自科库 43排3列4层/ [索取号:TS853/Z563] | 在馆 | |
| 2 | 0832127 | 208321270 | 自科库501/501自科库 43排3列4层/ [索取号:TS853/Z563] | 在馆 | |
| 3 | 0832128 | 208321289 | 自科库501/501自科库 43排3列4层/ [索取号:TS853/Z563] | 在馆 |